Fertility Decisions: The Role of Divorce Laws, Culture and Its Impact on Marital Status

Esta tesis doctoral sigue un análisis económico para estudiar las decisiones de la pareja relativas a la fertilidad, un importante campo de estudio dentro de la Economía de la Familia, mediante el desarrollo de tres líneas de investigación. En primer lugar, analizamos el efecto de las reformas en la...

Descripción completa

Guardado en:  
Detalles Bibliográficos
Autores principales: Bellido Bellón, Héctor (Autor) ; Molina Chueca, José Alberto (Autor) ; Marcén Pérez, Miriam (Autor)
Tipo de documento: Electrónico Libro
Lenguaje:Inglés
Publicado: 2014
En:Año: 2014
Acceso en línea: Volltext (kostenfrei)
Verificar disponibilidad: HBZ Gateway

MARC

LEADER 00000cam a22000002c 4500
001 1866313924
003 DE-627
005 20250121054903.0
007 cr uuu---uuuuu
008 231019s2014 xx |||||o 00| ||eng c
035 |a (DE-627)1866313924 
035 |a (DE-599)KXP1866313924 
040 |a DE-627  |b ger  |c DE-627  |e rda 
041 |a eng 
084 |a 2,1  |2 ssgn 
100 1 |a Bellido Bellón, Héctor  |e VerfasserIn  |4 aut 
245 1 0 |a Fertility Decisions: The Role of Divorce Laws, Culture and Its Impact on Marital Status 
264 1 |c 2014 
336 |a Text  |b txt  |2 rdacontent 
337 |a Computermedien  |b c  |2 rdamedia 
338 |a Online-Ressource  |b cr  |2 rdacarrier 
520 |a Esta tesis doctoral sigue un análisis económico para estudiar las decisiones de la pareja relativas a la fertilidad, un importante campo de estudio dentro de la Economía de la Familia, mediante el desarrollo de tres líneas de investigación. En primer lugar, analizamos el efecto de las reformas en las leyes de divorcio que se produjeron en Europa sobre las decisiones de fertilidad, para lo que explotamos la historia legislativa de la liberalización del divorcio en Europa, encontrando que las reformas de las leyes de divorcio tienen un efecto negativo y permanente sobre la fertilidad. En segundo lugar, usamos datos de inmigrantes de segunda y superior generación que viven en los Estados Unidos para estudiar el impacto de la cultura en las decisiones de fertilidad de las mujeres adolescentes, para lo que explotamos las variaciones en las tasas de fertilidad de las mujeres adolescentes por país de origen de sus antepasados. Los resultados muestran que la cultura tiene un impacto cuantitativamente significativo sobre las decisiones de fertilidad de las mujeres adolescentes. Finalmente, estudiamos el efecto del número de hijos concebidos durante el primer matrimonio sobre el riesgo de ruptura matrimonial usando un enfoque de variables instrumentales. Los resultados confirman el efecto disuasorio de los hijos en la probabilidad de divorcio de la pareja. Mediante esta tesis integrada dentro de la Economía de la Familia, pretendemos mejorar el conocimiento de las causas y las consecuencias de las decisiones de fertilidad de las parejas, complementando y contribuyendo a la literatura existente sobre fertilidad 
700 1 |a Molina Chueca, José Alberto  |e VerfasserIn  |4 aut 
700 1 |a Marcén Pérez, Miriam  |e VerfasserIn  |4 aut 
856 4 0 |u https://core.ac.uk/download/289975049.pdf  |x Verlag  |z kostenfrei  |3 Volltext  |7 0 
935 |a mkri 
951 |a BO 
ELC |a 1 
LOK |0 000 xxxxxcx a22 zn 4500 
LOK |0 001 439295756X 
LOK |0 003 DE-627 
LOK |0 004 1866313924 
LOK |0 005 20231019043639 
LOK |0 008 231019||||||||||||||||ger||||||| 
LOK |0 035   |a (DE-2619)CORE79363603 
LOK |0 040   |a DE-2619  |c DE-627  |d DE-2619 
LOK |0 092   |o n 
LOK |0 852   |a DE-2619 
LOK |0 852 1  |9 00 
LOK |0 935   |a core 
LOK |0 939   |a 19-10-23  |b l01 
OAS |a 1 
ORI |a SA-MARC-krimdoka001.raw